| 000 | 01613nam a22004937a 4500 | ||
|---|---|---|---|
| 005 | 20250922162727.0 | ||
| 008 | 190614b xxu||||| |||| 00| 0 spa d | ||
| 020 | _a9789968390170 | ||
| 041 | _aESP | ||
| 082 | _aCR 863.08 D313h | ||
| 110 |
_aDefensoría de los Habitantes de la República de Costa Rica _954477 |
||
| 245 | _aHabía una vez un derecho: los derechos humanos en la narrativa costarricense | ||
| 260 | _aCosta Rica | ||
| 260 | _bDefensoría de los Habitantes de la República de Costa Rica | ||
| 260 | _c2008 | ||
| 300 | _a184 páginas | ||
| 490 | _aTemática General | ||
| 650 | _a COSTA RICA | ||
| 650 | _aLITERATURA COSTARRICENSE | ||
| 650 | _aCUENTOS | ||
| 650 | _aDERECHOS HUMANOS | ||
| 650 | _aDERECHOS CIVILES | ||
| 650 | _aEDUCACIÓN | ||
| 650 | _aLEY PENAL JUVENIL | ||
| 650 | _aDERECHOS DE LAS PERSONAS PRIVADAS DE LIBERTAD | ||
| 650 | _aDERECHOS HUMANOS DE LAS MUJERES | ||
| 650 | _aTRÁFICO DE PERSONAS | ||
| 650 | _aDISCRIMINACIÓN | ||
| 650 | _aVIOLENCIA DOMÉSTICA | ||
| 650 | _aDERECHO A LA LIBERTAD DE EXPRESIÓN | ||
| 650 | _aDERECHO A LA IDENTIDAD | ||
| 650 | _aPERSONAS INDOCUMENTADAS | ||
| 650 | _aPERSONAS REFUGIADAS | ||
| 650 | _aDERECHO AL TRABAJO | ||
| 650 | _aVIOLENCIA INFANTIL | ||
| 650 | _aDERECHOS DE LOS NIÑOS | ||
| 650 | _aDERECHOS DE LAS PERSONAS ADULTAS MAYORES | ||
| 650 | _aDERECHO A LA CULTURA | ||
| 650 | _aDERECHO A LA VIDA | ||
| 650 | _aDERECHO A LOS CUIDADOS PALIATIVOS | ||
| 650 | _aDERECHOS DE LAS POBLACIONES INDÍGENAS | ||
| 650 | _aDERECHOS DE LAS PERSONAS CON DISCAPACIDAD | ||
| 942 |
_cLIT _2ddc |
||
| 999 |
_c12084 _d12084 |
||